Statistiken für Bilder nach Buchstabe - I

Klicken Sie hier um das Quiz zu spielen!

Allgemein

  • Dieses Quiz wurde 1,269 mal gespielt
  • Das Durchschnittsergebnis liegt bei 12 aus 16

Antwortstatistiken

Answer % Korrekt
Igel
98%
Iglu
96%
Irland
95%
Instagram
95%
ICE
93%
Iris
93%
Iran
91%
Israel
78%
Inuit / Inupiat
75%
Iberien
73%
Infrarot
71%
Istanbul
63%
Inka
60%
Illinois
57%
Ibis
41%
Idol
31%

Verteilung der Resultate

Perzentil nach korrekt beantworteten Fragen

Anzahl Personen mit jedem Resultat

Ihre Resultats-Entwicklung

Sie haben dieses Quiz noch nicht gespielt